| 000 | 00643nam a2200169 a 4500 | ||
|---|---|---|---|
| 005 | 20230524063646.0 | ||
| 008 | 991125s1965 fr 000 0 fre u | ||
| 035 | _aUPN01000010098 | ||
| 049 | _aCG | ||
| 050 | 4 |
_aQA135.5 _bD5.24 |
|
| 100 | 1 |
_aDienes, Zoltan Paul, _d1916- _930501 |
|
| 245 | 1 | 0 |
_aComprendre la mathématique : _bune étude de la transition de la phase constructive a la phase analytique de la pensée mathématique des enfants / _cZ. P. Dienes ; tr. de l'anglais Jean Confida. |
| 260 |
_aParís : _bO.C.D.L, _c1965. |
||
| 300 |
_a162 p. : _bil. |
||
| 650 | 4 |
_aMatemáticas _xEstudio y enseñanza (Elemental) _92809 |
|
| 905 | _aLibro | ||
| 999 |
_c10098 _d10098 |
||